Ženy v politike vo svete

Prehľad o zastúpení žien v politike vo svete s prihliadnutím na svetové a regionálne priemery. Zastúpenie žien na ministerských pozíciách.

Salvato in:
Dettagli Bibliografici
Autore principale: Freňáková, Magdaléna, 1981-
Natura: Capitolo di libro
Lingua:slovacco
Soggetti:
Tags: Aggiungi Tag
Nessun Tag, puoi essere il primo ad aggiungerne!!

MARC

LEADER 00000naa$a2200000$$$4500
001 0288509
005 20240502074424.3
041 0 |a slo 
044 |a SK 
245 1 0 |a Ženy v politike vo svete  |c Magdaléna Freňáková 
520 |a Prehľad o zastúpení žien v politike vo svete s prihliadnutím na svetové a regionálne priemery. Zastúpenie žien na ministerských pozíciách. 
610 2 0 |a ženy 
610 2 0 |a politika 
610 2 0 |a svet 
610 2 0 |a rovnosť rodová 
610 2 0 |a splnomocnenie 
100 1 |a Freňáková, Magdaléna, 1981-